Mecanismos psíquicos del poder : teorías sobre la ejecución /
Guardado en:
| 主要作者: | |
|---|---|
| 格式: | 未知 |
| 語言: | Spanish |
| 出版: |
España :
Closa-Orcoyen S. L.,
2001.
|
| 主題: | |
| 標簽: |
添加標簽
沒有標簽, 成為第一個標記此記錄!
|
MARC
| LEADER | 000000000a22000000004500 | ||
|---|---|---|---|
| 001 | 003485 | ||
| 020 | |a 8437619394 | ||
| 041 | 0 | |a spa | |
| 082 | 0 | 4 | |a 126 |b B985p |
| 100 | 1 | |a Butler, Judith | |
| 245 | 1 | 0 | |a Mecanismos psíquicos del poder : |b teorías sobre la ejecución / |c Judith Butler. |
| 260 | 1 | |a España : |b Closa-Orcoyen S. L., |c 2001. | |
| 300 | |a 213 páginas | ||
| 650 | 4 | |a FEMINISMO | |
| 650 | 4 | |a YO | |
| 650 | 4 | |a FILOSOFIA | |
| 650 | 4 | |a ASPECTOS SOCIALES | |
| 650 | 4 | |a PODER | |
| 650 | 4 | |a SUBJETIVIDAD | |
| 999 | |c 9705 |d 9705 | ||
| 942 | |c BK |h 126 B985p |2 z | ||



